000 00664nam a22002297a 4500
003 UA-OsUOA
001 67534
007 ta
008 20100302b un ||||| |||| 00| 0 ukr d
090 _a340
_bА43
942 _cBK
040 _aUA-OsUOA
_bukr
_cUA-OsUOA
_dUA-OsUOA
245 _aАктуальные проблемы правовой реформы
300 _a163 с.
955 _a2
041 _aukr
080 _a340
020 _a8-7763-0010-Х
260 _aК.
_bУМК ВО
_c1990
650 7 _a340 Право в цілому. Пропедевтика. Методи та допоміжні правничі науки
_2UDC
999 _c353803
_d353803